| 000 | 00817nam a2200277 i 4500 | ||
|---|---|---|---|
| 001 | 125538 | ||
| 003 | ES-MaACL | ||
| 005 | 20230906192641.0 | ||
| 007 | t| | ||
| 008 | 070618s1989 fr ||||1| fre d | ||
| 020 | _a2-907453-02-5 | ||
| 080 | _a786.2 | ||
| 100 | 1 |
_aBarli, Olivier. _925689 |
|
| 245 | 1 | 0 |
_aClavier / _cOlivier Barli , Thierry Faradji , Claire Gillie-Guilbert. |
| 260 |
_aParis : _bJMG, _c[1989] |
||
| 300 |
_a63 p. : _bfot. ; _c23 cm. |
||
| 490 | 1 |
_aSon Programme ; _v3 |
|
| 500 | _aBiblioteca Jacinto MartĂnez Lacalle. | ||
| 504 | _aBibliografĂa: p. 59. | ||
| 650 | 1 | 4 |
_aPiano. _915993 |
| 700 | 1 |
_aFaradji, Thierry. _948822 |
|
| 710 | 1 |
_aGillie-Guilbert, Claire. _94472 |
|
| 830 | 0 |
_aSon Programme ; _v3 _9186649 |
|
| 852 |
_aES-MaACL _jE-11709 _bR.139722 |
||
| 999 |
_c125538 _d125538 |
||